| 000 | 00603nam a2200217 a 4500 | ||
|---|---|---|---|
| 001 | 18574 | ||
| 003 | CO-ViMGA | ||
| 008 | 141112s2004 ck r 000 u spa d | ||
| 020 | _a9681661826 | ||
| 040 |
_aCO-ViMGA _bspa _cCO-ViMGA |
||
| 082 | 0 | 4 | _a364.177 H871 |
| 100 | 1 |
_aHusak, Douglas _926434 |
|
| 245 | 1 | 0 | _aDrogas y derechos |
| 260 |
_aMexico : _bFondo de Cultura Económica, _c2001 |
||
| 300 | _a350.p. | ||
| 590 | _aForma de adquisición : Premio - Mincultura | ||
| 650 | 1 | 4 |
_aABUSO DE DROGAS - ASPECTOS JURIDICOS _926435 |
| 650 | 1 | 4 | _aDROGADICCION |
| 650 | 1 | 4 | _aNARCOTRAFICO |
| 942 |
_2ddc _cBK |
||
| 999 |
_c27836 _d27836 |
||